Chaos - die neue Kraft im Selbst-Management <Das> Kreative Brainwriting als innovatives Ordnungskonzept

Salvato in:
Dettagli Bibliografici
Autore principale: Bachmann, Winfried
Altri autori: Friedrich, Michael
Natura: Libro
Lingua:tedesco
Pubblicazione: Paderborn Junfermann 1994
Edizione:1. Aufl.
Soggetti:
Tags: Aggiungi Tag
Nessun Tag, puoi essere il primo ad aggiungerne!!

MARC

LEADER 00000nam a2200000 4500
001 c005924
005 20221205140616.0
020 |a 3-87387-116-5 
041 0 |a ger 
044 |a DE 
245 1 0 |a Chaos - die neue Kraft im Selbst-Management  |b <Das> Kreative Brainwriting als innovatives Ordnungskonzept  |c Winfried Bachmann, Michael Friedrich 
250 |a 1. Aufl. 
264 1 |a Paderborn  |b Junfermann  |c 1994 
300 |a 333 s. 
610 2 0 |a teória chaosu 
610 2 0 |a manažment 
610 2 0 |a vyučovanie 
610 2 0 |a modely 
100 1 |a Bachmann, Winfried 
700 1 |a Friedrich, Michael